Wielkie wyzwanie z angielskiego słownictwa - Statystyki

Ogólne statystyki
  • Ten quiz został rozwiązany 10 650 razy
  • Średni wynik to 17 z 20
Statystyki odpowiedzi
Słowo # Odpowiedź % Poprawnych
kino 6 ci{nema}
100%
pić 5 dr{ink}
100%
październik 7 Oc{tober}
100%
cebula 5 on{ion}
100%
brat 7 br{other}
99%
dziecko 5 ch{ild}
99%
miasto 4 c{ity}
99%
grudzień 8 De{cember}
99%
słoń 8 el{ephant}
99%
Anglia 7 En{gland}
99%
ogień 4 f{ire}
99%
pierwszy 5 fi{rst}
99%
owoc 5 fr{uit}
99%
złoto 4 g{old}
99%
zielony 5 gr{een}
99%
serce 5 he{art}
99%
wyspa 6 is{land}
99%
styczeń 7 Ja{nuary}
99%
nigdy 5 ne{ver}
99%
biuro 6 of{fice}
99%
pomarańczowy, pomarańcza 6 or{ange}
99%
szkoła 6 sc{hool}
99%
siostra 6 si{ster}
99%
pająk 6 sp{ider}
99%
pływać 4 s{wim}
99%
dziękować 5 th{ank}
99%
arbuz 10 wa{termelon}
99%
okno 6 wi{ndow}
99%
zima 6 wi{nter}
99%
zwierzę 6 an{imal}
98%
kwiecień 5 Ap{ril}
98%
sierpień 6 Au{gust}
98%
mózg 5 br{ain}
98%
brązowy 5 br{own}
98%
masło 6 bu{tter}
98%
ser 6 ch{eese}
98%
rodzina 6 fa{mily}
98%
ryba 4 f{ish}
98%
przyjaciel 6 fr{iend}
98%
szpital 8 ho{spital}
98%
głodny 6 hu{ngry}
98%
kurtka 6 ja{cket}
98%
skakać 4 j{ump}
98%
dżungla 6 ju{ngle}
98%
król 4 k{ing}
98%
cytryna 5 le{mon}
98%
słuchać 6 li{sten}
98%
miłość, kochać 4 l{ove}
98%
poniedziałek 6 Mo{nday}
98%
pieniądze 5 mo{ney}
98%
matka 6 mo{ther}
98%
mysz 5 mo{use}
98%
muzyka 5 mu{sic}
98%
noc 5 ni{ght}
98%
listopad 8 No{vember}
98%
Polska 6 Po{land}
98%
sobota 8 Sa{turday}
98%
rekin 5 sh{ark}
98%
spać 5 sl{eep}
98%
mały 5 sm{all}
98%
śnieg 4 s{now}
98%
niedziela 6 Su{nday}
98%
stół 5 ta{ble}
98%
nauczyciel 7 te{acher}
98%
tygrys 5 ti{ger}
98%
dzisiaj 5 to{day}
98%
pociąg 5 tr{ain}
98%
filmik 5 vi{deo}
98%
woda 5 wa{ter}
98%
tydzień 4 w{eek}
98%
pracować 4 w{ork}
98%
pisać 5 wr{ite}
98%
rok 4 y{ear}
98%
żółty 6 ye{llow}
98%
wczoraj 9 ye{sterday}
98%
po (w czasie) 5 af{ter}
97%
zawsze 6 al{ways}
97%
banan 6 ba{nana}
97%
łazienka 8 ba{throom}
97%
plaża 5 be{ach}
97%
piwo 4 b{eer}
97%
czarny 5 bl{ack}
97%
ciało 4 b{ody}
97%
budować 5 bu{ild}
97%
motyl 9 bu{tterfly}
97%
kurczak 7 ch{icken}
97%
zegar 5 cl{ock}
97%
niebezpieczeństwo 6 da{nger}
97%
suknia 5 dr{ess}
97%
łatwy 4 e{asy}
97%
angielski 7 En{glish}
97%
ojciec 6 fa{ther}
97%
las 6 fo{rest}
97%
wolny (na wolności), darmowy 4 f{ree}
97%
żaba 4 f{rog}
97%
ręka 4 h{and}
97%
miód 5 ho{ney}
97%
mąż 7 hu{sband}
97%
lipiec 4 J{uly}
97%
kuchnia 7 ki{tchen}
97%
mięso 4 m{eat}
97%
poranek 7 mo{rning}
97%
papier 5 pa{per}
97%
impreza 5 pa{rty}
97%
ołówek 6 pe{ncil}
97%
policja 6 po{lice}
97%
ziemniak 6 po{tato}
97%
pytanie 8 qu{estion}
97%
królik 6 ra{bbit}
97%
deszcz 4 r{ain}
97%
pokój (w domu) 4 r{oom}
97%
wrzesień 9 Se{ptember}
97%
prysznic 6 sh{ower}
97%
wąż 5 sn{ake}
97%
przestrzeń, spacja, kosmos 5 sp{ace}
97%
mówić 5 sp{eak}
97%
wiosna 6 sp{ring}
97%
gwiazda 4 s{tar}
97%
stacja 7 st{ation}
97%
truskawka 10 st{rawberry}
97%
silny 6 st{rong}
97%
lato 6 su{mmer}
97%
czas, raz 4 t{ime}
97%
brzydki 4 u{gly}
97%
wujek 5 un{cle}
97%
pod 5 un{der}
97%
zachód (na kompasie) 4 w{est}
97%
co 4 w{hat}
97%
gdzie 5 wh{ere}
97%
biały 5 wh{ite}
97%
słowo 4 w{ord}
97%
młody 5 yo{ung}
97%
koszykówka 10 ba{sketball}
96%
niedźwiedź 4 b{ear}
96%
sypialnia 7 be{droom}
96%
lepszy 6 be{tter}
96%
ptak 4 b{ird}
96%
urodziny 8 bi{rthday}
96%
aparat fotograficzny, kamera 6 ca{mera}
96%
łapać 5 ca{tch}
96%
ziemia (gleba lub planeta) 5 ea{rth}
96%
palec u ręki 6 fi{nger}
96%
kwiat 6 fl{ower}
96%
piątek 6 Fr{iday}
96%
zabawny 5 fu{nny}
96%
dawać 4 g{ive}
96%
koza 4 g{oat}
96%
gitara 6 gu{itar}
96%
chomik 7 ha{mster}
96%
szczęśliwy 5 ha{ppy}
96%
godzina 4 h{our}
96%
jezioro 4 l{ake}
96%
lubieć, tak jak 4 l{ike}
96%
maj 3 M{ay}
96%
więcej 4 m{ore}
96%
północ (na kompasie) 5 no{rth}
96%
rodzic 6 pa{rent}
96%
królowa 5 qu{een}
96%
restauracja 10 re{staurant}
96%
zakupy 8 sh{opping}
96%
krótki, niski 5 sh{ort}
96%
wolny (nie szybki) 4 s{low}
96%
dźwięk 5 so{und}
96%
ulica 6 st{reet}
96%
cukier 5 su{gar}
96%
rozmawiać 4 t{alk}
96%
czwartek 8 Th{ursday}
96%
pomidor 6 to{mato}
96%
drzewo 4 t{ree}
96%
parasol 8 um{brella}
96%
warzywo 9 ve{getable}
96%
świat 5 wo{rld}
96%
odpowiedź 6 an{swer}
95%
bandaż 7 ba{ndage}
95%
śniadanie 9 br{eakfast}
95%
most 6 br{idge}
95%
Wielkanoc 6 Ea{ster}
95%
błąd 5 er{ror}
95%
podłoga 5 fl{oor}
95%
okulary 7 gl{asses}
95%
sto 7 hu{ndred}
95%
czerwiec 4 J{une}
95%
marzec 5 Ma{rch}
95%
lustro 6 mi{rror}
95%
miesiąc 5 mo{nth}
95%
poruszać się 4 m{ove}
95%
film 5 mo{vie}
95%
makaron 5 pa{sta}
95%
osoba 6 pe{rson}
95%
samolot 5 pl{ane}
95%
bezpieczny 4 s{afe}
95%
czasami 9 so{metimes}
95%
bilet, mandat 6 ti{cket}
95%
dziś wieczorem, dziś w nocy 7 to{night}
95%
ząb 5 to{oth}
95%
bardzo 4 v{ery}
95%
zegarek, oglądać 5 wa{tch}
95%
kobieta 5 wo{man}
95%
sam 5 al{one}
94%
krzesło 5 ch{air}
94%
wspinać się 5 cl{imb}
94%
chmura 5 cl{oud}
94%
córka 8 da{ughter}
94%
pustynia, porzucać 6 de{sert}
94%
luty 8 Fe{bruary}
94%
słyszeć 4 h{ear}
94%
śmigłowiec 10 he{licopter}
94%
sok 5 ju{ice}
94%
kolano 4 k{nee}
94%
śmiać się 5 la{ugh}
94%
uczyć się 5 le{arn}
94%
biblioteka 7 li{brary}
94%
wiadomość 7 me{ssage}
94%
góra (wzniesienie terenu) 8 mo{untain}
94%
tęcza 7 ra{inbow}
94%
rzeka 5 ri{ver}
94%
kanapka 8 sa{ndwich}
94%
drugi 6 se{cond}
94%
tajemnica 6 se{cret}
94%
but 4 s{hoe}
94%
południe (na kompasie) 5 so{uth}
94%
wysoki 4 t{all}
94%
oni, one 4 t{hey}
94%
siatkówka (sport) 10 vo{lleyball}
94%
ściana, mur 4 w{all}
94%
żona 4 w{ife}
94%
butelka 6 bo{ttle}
93%
Boże Narodzenie 9 Ch{ristmas}
93%
wschód (na kompasie) 4 e{ast}
93%
stopa 4 f{oot}
93%
przyszłość 6 fu{ture}
93%
rosnąć 4 g{row}
93%
zdrowie 6 he{alth}
93%
tutaj 4 h{ere}
93%
klawiatura 8 ke{yboard}
93%
nóż 5 kn{ife}
93%
tracić, gubić, przegrywać 4 l{ose}
93%
maszyna 7 ma{chine}
93%
tylko, wyłącznie 4 o{nly}
93%
przeszłość 4 p{ast}
93%
prosić, sprawiać przyjemność 6 pl{ease}
93%
więzienie 6 pr{ison}
93%
cichy 5 qu{iet}
93%
sól 4 s{alt}
93%
bałwan 7 sn{owman}
93%
głośnik, mówca, użytkownik języka 7 sp{eaker}
93%
ciocia 4 a{unt}
92%
przycisk 6 bu{tton}
92%
czekolada 9 ch{ocolate}
92%
stworzyć 6 cr{eate}
92%
roślina, sadzić 5 pl{ant}
92%
moc (do zrobienia czegoś) 5 po{wer}
92%
pamiętać 8 re{member}
92%
strzelać 5 sh{oot}
92%
coś 9 so{mething}
92%
myśleć 5 th{ink}
92%
dotykać 5 to{uch}
92%
miasteczko 4 t{own}
92%
zjednoczony 6 un{ited}
92%
niepoprawny 5 wr{ong}
92%
niesamowity 7 am{azing}
91%
cokolwiek 8 an{ything}
91%
ponieważ 7 be{cause}
91%
kalendarz 8 ca{lendar}
91%
tani 5 ch{eap}
91%
pyszny (o potrawie) 9 de{licious}
91%
podwójny 6 do{uble}
91%
święto 7 ho{liday}
91%
trochę 6 li{ttle}
91%
często 5 of{ten}
91%
inny 5 ot{her}
91%
talerz 5 pl{ate}
91%
kieszeń 6 po{cket}
91%
naprawdę 6 re{ally}
91%
piasek 4 s{and}
91%
szampon 7 sh{ampoo}
91%
powinien 6 sh{ould}
91%
chory 4 s{ick}
91%
tam 5 th{ere}
91%
jutro 8 to{morrow}
91%
przygoda 9 ad{venture}
90%
alfabet 8 al{phabet}
90%
jesień 6 au{tumn}
90%
piękny 9 be{autiful}
90%
kość 4 b{one}
90%
ładowarka (np. do telefonu) 7 ch{arger}
90%
koło 6 ci{rcle}
90%
wieczór 7 ev{ening}
90%
znany 6 fa{mous}
90%
zapominać 6 fo{rget}
90%
owad 6 in{sect}
90%
obrazek 7 pi{cture}
90%
rzadki 4 r{are}
90%
ekran 6 sc{reen}
90%
spódnica 5 sk{irt}
90%
wtorek 7 Tu{esday}
90%
dwa razy 5 tw{ice}
90%
wieś 7 vi{llage}
90%
szczotka, szczotkować 5 br{ush}
89%
osioł 6 do{nkey}
89%
wróg 5 en{emy}
89%
silnik 6 en{gine}
89%
jesień, spadać 4 f{all}
89%
rękawica 5 gl{ove}
89%
wewnątrz (czegoś) 6 in{side}
89%
zapraszać 6 in{vite}
89%
język (do komunikacji) 8 la{nguage}
89%
list, litera 6 le{tter}
89%
jeden raz 4 o{nce}
89%
ból 4 p{ain}
89%
poduszka 6 pi{llow}
89%
ananas 9 pi{neapple}
89%
dumny (z kogoś) 5 pr{oud}
89%
sos 5 sa{uce}
89%
rzucać 5 th{row}
89%
portfel 6 wa{llet}
89%
fala, machać 4 w{ave}
89%
plecak 8 ba{ckpack}
88%
fasola 4 b{ean}
88%
broda 5 be{ard}
88%
za (np. czymś się chować) 6 be{hind}
88%
twardy 4 h{ard}
88%
słuchawki nauszne 10 he{adphones}
88%
niebo (do którego się trafia po śmierci) 6 he{aven}
88%
poślubiać 5 ma{rry}
88%
pomyłka 7 mi{stake}
88%
na zewnątrz 7 ou{tside}
88%
strona (w książce) 4 p{age}
88%
gruszka 4 p{ear}
88%
kropka (zapisując liczby), punkt 5 po{int}
88%
plakat 6 po{ster}
88%
parówka 7 sa{usage}
88%
ślimak (żywy) 5 sn{ail}
88%
łyżka 5 sp{oon}
88%
rozumieć 10 un{derstand}
88%
świętować 9 ce{lebrate}
87%
szachy 5 ch{ess}
87%
pokój (brak wojny) 5 pe{ace}
87%
kwadrat 6 sq{uare}
87%
kelner 6 wa{iter}
87%
o, około 5 ab{out}
86%
granica 6 bo{rder}
86%
wybierać 6 ch{oose}
86%
korona (na głowie) 5 cr{own}
86%
widelec 4 f{ork}
86%
papuga 6 pa{rrot}
86%
odkąd, od (jakiegoś czasu) 5 si{nce}
86%
ręcznik 5 to{wel}
86%
ławka 5 be{nch}
85%
odważny 5 br{ave}
85%
stulecie 7 ce{ntury}
85%
wystarczająco 6 en{ough}
85%
drogi 9 ex{pensive}
85%
do widzenia 7 go{odbye}
85%
dach 4 r{oof}
85%
nauka 7 sc{ience}
85%
wrzeszczeć 6 sc{ream}
85%
mydło 4 s{oap}
85%
zazwyczaj 7 us{ually}
85%
martwić się 5 wo{rry}
85%
między 7 be{tween}
84%
wybaczać 7 fo{rgive}
84%
grawitacja 7 gr{avity}
84%
północ (na zegarze) 8 mi{dnight}
84%
paznokieć, gwóźdź 4 n{ail}
84%
obraz 8 pa{inting}
84%
stać 5 st{and}
84%
walizka 8 su{itcase}
84%
słaby 4 w{eak}
84%
środa 9 We{dnesday}
84%
gorszy 5 wo{rse}
84%
miliard 7 bi{llion}
83%
bystry 6 cl{ever}
83%
pingwin 7 pe{nguin}
83%
możliwy 8 po{ssible}
83%
tysiąc 8 th{ousand}
83%
piekarnia 6 ba{kery}
82%
okropny, straszny 8 ho{rrible}
82%
mniej 4 l{ess}
82%
szybki (trwający mało czasu) 5 qu{ick}
82%
półka 5 sh{elf}
82%
strona internetowa 7 we{bsite}
82%
który 5 wh{ich}
82%
poprawny 7 co{rrect}
81%
łokieć 5 el{bow}
81%
pole (uprawne) 5 fi{eld}
81%
bluza z kapturem 6 ho{odie}
81%
dziennikarz 10 jo{urnalist}
81%
jaszczurka 6 li{zard}
81%
ramię (bark) 8 sh{oulder}
81%
pasek od spodni 4 b{elt}
80%
koc 7 bl{anket}
80%
centrum handlowe 4 m{all}
80%
kształt 5 sh{ape}
80%
zlew, tonąć, opadać 4 s{ink}
80%
fatalny, okropny 8 te{rrible}
80%
niż (w np. więcej niż, mniej niż) 4 t{han}
80%
trójkąt 8 tr{iangle}
80%
spodnie 8 tr{ousers}
80%
deser 7 de{ssert}
79%
trudny 9 di{fficult}
79%
brud 4 d{irt}
79%
dziennik, pamiętnik 5 di{ary}
78%
wyjaśniać 7 ex{plain}
78%
lot 6 fl{ight}
78%
wąsy 9 mo{ustache}
78%
orzech ziemny 6 pe{anut}
78%
język (część ciała) 6 to{ngue}
78%
mundur 7 un{iform}
78%
piwnica 8 ba{sement}
77%
wierzyć 7 be{lieve}
77%
ziemia (grunt) 6 gr{ound}
77%
święty 4 h{oly}
77%
nożyczki 8 sc{issors}
77%
zachód słońca 6 su{nset}
77%
niespodzianka, zaskakiwać 8 su{rprise}
77%
ruch uliczny 7 tr{affic}
77%
skrzypce 6 vi{olin}
77%
płatki śniadaniowe 6 ce{real}
76%
kompas 7 co{mpass}
76%
mąka 5 fl{our}
76%
ogon 4 t{ail}
76%
kurz, pył 4 d{ust}
75%
podążać 6 fo{llow}
75%
liść 4 l{eaf}
75%
krzyczeć 5 sh{out}
75%
wschód słońca 7 su{nrise}
75%
jogurt 7 yo{ghurt}
75%
problem, sprawa 5 is{sue}
74%
rynek 6 ma{rket}
74%
szal 5 sc{arf}
74%
spragniony (np. wody) 7 th{irsty}
74%
już 7 al{ready}
73%
ostrożny 7 ca{reful}
73%
meduza 9 je{llyfish}
72%
tłum 5 cr{owd}
71%
zdanie 8 se{ntence}
71%
znikać 6 va{nish}
71%
gwizdać 7 wh{istle}
71%
odbijać się (od jakiejś powierzchni) 6 bo{unce}
69%
kapusta 7 ca{bbage}
69%
słownik 10 di{ctionary}
69%
czoło 8 fo{rehead}
69%
naszyjnik 8 ne{cklace}
69%
wrzeć 4 b{oil}
68%
dosyć, całkiem 5 qu{ite}
68%
skarb 8 tr{easure}
68%
aleja 6 av{enue}
67%
pieczątka, znaczek pocztowy 5 st{amp}
67%
przez (np. coś przechodzić) 7 th{rough}
67%
pilot do telewizora 6 re{mote}
66%
wzrok 5 si{ght}
66%
szeptać 7 wh{isper}
65%
rzeczywisty 6 ac{tual}
64%
wielki 5 gr{eat}
64%
słuchawki douszne 9 ea{rphones}
63%
pióro 7 fe{ather}
62%
niegrzeczny 7 na{ughty}
62%
we śnie (o kimś) 6 as{leep}
61%
dno 6 bo{ttom}
61%
policzek 5 ch{eek}
61%
harmonogram 8 sc{hedule}
61%
słomka 5 st{raw}
61%
nagle 8 su{ddenly}
61%
strych 5 at{tic}
60%
drapacz chmur 10 sk{yscraper}
60%
szuflada 6 dr{awer}
59%
południe (na zegarze) 4 n{oon}
59%
znikać 9 di{sappear}
57%
środowisko 11 en{vironment}
57%
schody ruchome 9 es{calator}
57%
rumienić się 5 bl{ush}
55%
nabiał 5 da{iry}
55%
częsty 8 fr{equent}
55%
żwir 6 gr{avel}
55%
udawać 7 pr{etend}
55%
pałeczki do jedzenia 10 ch{opsticks}
54%
obowiązek 4 d{uty}
53%
kredka 6 cr{ayon}
52%
szafka (w kuchni) 8 cu{pboard}
50%
czasownik wyrażający przypuszczenie 5 wo{uld}
50%
ogromny 8 en{ormous}
49%
sufit 7 ce{iling}
48%
surowe ciasto 5 do{ugh}
48%
klatka schodowa 9 st{aircase}
48%
miotła 5 br{oom}
47%
przepaść (jakaś), dzielić 6 di{vide}
47%
doniczka 9 fl{owerpot}
47%
lodówka 12 re{frigerator}
46%
grzebień 4 c{omb}
43%
przerwać, przeszkadzać 9 in{terrupt}
42%
grzejnik, kaloryfer 8 ra{diator}
42%
poduszka do siedzenia 7 cu{shion}
39%
gniazdko elektryczne 6 so{cket}
38%
w centrum miasta 8 do{wntown}
37%
śliski 8 sl{ippery}
35%
jednakowo, identycznie 5 al{ike}
33%
domofon 8 in{tercom}
25%
drób 7 po{ultry}
25%
dwa tygodnie 9 fo{rtnight}
24%
Nie znaleziono quizów pasujących do podanych kryteriów
Rozkład punktacji
Procent ludzi z każdym wynikiem
Percentyl według liczby udzielonych odpowiedzi
Twoja historia wyników
Nie rozwiązałeś tego quizu